000 00328nam a2200145Ia 4500
100 _aBhat/B.K
942 _cBK
654 _aelectromagnetic
245 _aFundamentals of electromagnetic field theory
260 _bCBS Publishers
_aDelhi
_c1986
082 _a530.141
_bBHA
300 _a514
546 _aENGLISH
999 _c28220
_d28220